Krok k európskym štandardom
Hlavné problémy ďalšieho rozvoja stredného školstva na Slovensku. Nevyhnutná redukcia počtu škôl a nutnosť skvalitnenia obsahu vzdelávania. Počet škôl, tried a žiakov v šk. roku 1998/1999 na Slovensku. Etapy racionalizácie uplatňované v školstve.
Enregistré dans:
| Auteur principal: | |
|---|---|
| Format: | Chapitre de livre |
| Langue: | slovaque |
| Sujets: | |
| Tags: |
Pas de tags, Soyez le premier à ajouter un tag!
|
MARC
| LEADER | 00000naa a2200000 4500 | ||
|---|---|---|---|
| 001 | r037573 | ||
| 005 | 20230920071108.3 | ||
| 041 | 0 | |a slo | |
| 044 | |a SK | ||
| 245 | 1 | 0 | |a Krok k európskym štandardom |c Ivan Polakovič |
| 520 | |a Hlavné problémy ďalšieho rozvoja stredného školstva na Slovensku. Nevyhnutná redukcia počtu škôl a nutnosť skvalitnenia obsahu vzdelávania. Počet škôl, tried a žiakov v šk. roku 1998/1999 na Slovensku. Etapy racionalizácie uplatňované v školstve. | ||
| 610 | 2 | 0 | |a školy stredné |
| 610 | 2 | 0 | |a vzdelávanie |
| 610 | 2 | 0 | |a racionalizácia |
| 610 | 2 | 0 | |a reformy školské |
| 610 | 2 | 0 | |a Slovensko |
| 100 | 1 | |a Polakovič, Ivan | |